Mysterium salutis: manual de teología como historia de la salvación
Saved in:
| Main Authors: | , |
|---|---|
| Format: | Bog |
| Sprog: | spansk |
| Udgivet: |
Madrid
Cristiandad
1981
|
| Udgivelse: | 3a. ed |
| Fag: | |
| Tags: |
Tilføj Tag
Ingen Tags, Vær først til at tagge denne postø!
|
MARC
| LEADER | 00000nam a2200000 a 4500 | ||
|---|---|---|---|
| 001 | UCL2598 | ||
| 003 | CL-VaPUC | ||
| 008 | 031031e19810000SP |||||||||||||||||spa|d | ||
| 082 | 0 | 4 | |a 230 |b FEI |2 21 |
| 100 | 0 | |a Feiner, Johannes |e author |9 479716 | |
| 700 | 0 | |a Löhrer, Magnus |e author |9 479717 | |
| 245 | 1 | 0 | |a Mysterium salutis: manual de teología como historia de la salvación |
| 250 | |a 3a. ed | ||
| 300 | |a v | ||
| 942 | |c BK | ||
| 945 | |d 20031031 00:00:00 |a rbrito | ||
| 260 | |a Madrid |b Cristiandad |c 1981 | ||
| 500 | |a v.1: Fundamentos de la dogmática como historia de la salvación | ||
| 650 | 0 | |a Teología dogmática |9 313198 | |
| 650 | 7 | |a SOTERIOLOGIA |2 CL-VaPUC |9 479718 | |
| 650 | 0 | |a Textos sagrados |9 257605 | |
| 650 | 0 | |a Biblia |9 257603 | |
| 650 | 0 | |a Hermenéutica |9 269473 | |
| 650 | 0 | |a Iglesia Católica |9 256114 | |
| 583 | |a last modification |c 20031031 00:00:00 |k Rodrigo Vera | ||
| 999 | |c 305872 |d 305870 | ||
| 952 | |0 0 |1 0 |4 0 |6 230_000000000000000_FEI_1981 |7 0 |8 X |9 370369 |a BIBTEO |b BIBTEO |d 2019-11-21 |h v.1 |i 2085143 |l 4 |m 1 |o 230 FEI 1981 |p 2085143 |r 2025-01-17 |s 2023-12-14 |w 2019-11-21 |y BK_X |k ICR | ||